Pays dont le nom est masculin et finit par un "E" - Statistiques

Statistiques générales
  • Ce quiz a été pris 224 fois
  • Le résultat moyen est 4 sur 6
Statistiques - réponses
Réponse % Correct
Le Mexique
90%
Le Suriname
80%
Le Belize
74%
Le Mozambique
61%
Le Cambodge
56%
Le Zimbabwe
52%
Aucun quiz correspondant
Distribution des résultats
% des personnes avec chaque résultat
Percentile par nombre de réponses
Votre historique - résultats
Vous n’avez pas pris ce quiz